000 00448nam a2200181Ia 4500
008 210210b1942 xxu||||| |||| 00| 0 eng d
041 _aeng
082 _a520/55
100 _aFINCH (Vernor C)
245 _aElementary meteorology
260 _aAmerica
_bMcGraw-Hill Book Company Inc.
_c1942
300 _avi,301
650 _ameteorology
650 _aElementary
690 _aWeather
700 _aTREWARITHA (Glenn T)
906 _a008040
999 _c126030
_d126030